000
00220 a2200097 4500
001
26055
100
_a
Zienkiewic
245
_a
Introductory lectures on finite elements
260
_a
_b
Springer
_c
090
_c
17618
_d
17618
942
_a
NUST-CAE
_c
M
_c
8467
999
_c
261128
_d
261128